[Event "ISR-chT 2018"]
[Site "Israel"]
[Date "2018.01.05"]
[Round "1"]
[White "Zisman, Philip"]
[Black "Rechlis, Gad"]
[Result "0-1"]
[WhiteElo "2305"]
[BlackElo "2525"]
[PlyCount "82"]
[EventDate "2018.??.??"]
[EventType "team-tourn"]
[EventCountry "ISR"]

{[%evp 16,82,34,15,4,0,0,3,0,0,13,-31,-39,-39,12,0,0,-30,-28,-64,-69,-79,-64,-61,-58,-55,-53,-43,-53,-44,-56,-86,-33,-91,-92,-140,-134,-130,-105,-197,-195,-224,-225,-225,-231,-234,-222,-231,-221,-236,-228,-377,-380,-346,-114,-262,-109,-506,-506,-501,-498,-494,-492,-700,-691,-671,-649,-677,-677]} 1. e4 c5 2. Nf3 d6 3. d4 cxd4 4. Nxd4 Nf6 5. Nc3 Nc6 6. Be2 g6 7. Be3 Bg7 8. Qd2 O-O 9. h4 {LiveBook: 4 Games} d5 {B72: Sicilian Dragon: 6 Be3, lines with h3+Bc4 and sidelines} 10. exd5 (10. Nxc6 bxc6 11. e5 Ng4 12. Bxg4 Bxg4 13. Bh6 Bxe5 14. f3 Be6 15. Bxf8 Kxf8 16. Na4 Qd6 17. h5 {0-1 (35) Delgado Ramirez,N (2530)-Alvarez Pedraza,A (2420) Havana 2008}) 10... Nxd5 11. Nxd5 Qxd5 {The position is equal.} 12. Bf3 Qe5 {[%cal Rc6d4]} 13. Nxc6 bxc6 14. O-O $146 ({Predecessor:} 14. c3 Ba6 15. O-O-O Qa5 16. a3 Bc4 17. Bxc6 {½-½ (27) Tunsjo,A (1519)-Wetle Hoem,T (1965) Fornebu 2017}) 14... Ba6 ({Black should try} 14... Qxb2 $15 15. Rfb1 Qa3) 15. Rfd1 Qxb2 16. Rab1 Qxa2 17. Bxc6 Rac8 18. Be4 Qa4 19. Qb4 Qxb4 20. Rxb4 Be2 21. Rd7 a5 22. Rbb7 Bf6 $36 {[%mdl 2048] Black is pushing.} 23. Ra7 a4 (23... Bxh4 $17 24. g3 Bf6 25. Rxa5 Bg4) 24. Rdb7 (24. g3 $15) 24... Rc4 25. f3 Bxh4 26. g3 Bf6 27. Kf2 (27. Rb1 $17) 27... Bd1 $19 28. Bd3 Rc3 29. Bd2 Rcc8 {Threatens to win with ...Bd4+.} 30. Rxa4 Bxc2 31. Ra3 Rfd8 32. Ke2 h5 33. g4 (33. Ba5 $142 Rd4 34. Bc7) 33... h4 34. g5 Bg7 $2 (34... h3 $19 35. Bxc2 Rxc2) 35. Rb4 (35. Bxc2 $17 {is a better defense.} Rxc2 36. Rd3) 35... h3 (35... Bd4 $19 {and Black stays clearly on top.} 36. Bxc2 Rxc2) 36. Rh4 $2 {[%mdl 8192]} (36. Bxc2 $17 {nothing else works.} Rxc2 37. Rd3) 36... Bb2 {Black is clearly winning.} 37. Bxc2 {[#] Rd3 is the strong threat.} Bxa3 38. Be4 Bc1 39. Ba5 (39. Bxc1 $142 Rxc1 40. Rxh3) 39... Bxg5 40. Rxh3 Rd4 41. Rh1 Ra4 {Precision: White = 24%, Black = 55%.} 0-1

[Event "ISR-chT 2018"]
[Site "Israel"]
[Date "2018.01.05"]
[Round "1"]
[White "Moskovich, Daniel"]
[Black "Drori, Saar"]
[Result "1/2-1/2"]
[WhiteElo "2147"]
[BlackElo "2380"]
[PlyCount "56"]
[EventDate "2018.??.??"]
[EventType "team-tourn"]
[EventCountry "ISR"]
[TimeControl "40/5400+30:1800+30"]

1. d4 Nf6 2. Nf3 g6 3. g3 Bg7 4. Bg2 d5 5. O-O O-O 6. Nbd2 c6 7. Re1 Bf5 8. Nh4 Be6 9. c3 Na6 10. e4 dxe4 11. Nxe4 Nxe4 12. Bxe4 Qb6 13. Bxg6 hxg6 14. Nxg6 fxg6 15. Rxe6 Bf6 16. Bh6 Qxb2 17. Rb1 Qxa2 18. Qd3 Rf7 19. Re2 Qd5 20. Qxg6+ Kh8 21. Rxb7 Rh7 22. Bf4 Rg8 23. Qe4 Qh5 24. f3 Qa5 25. Qxc6 Rg6 26. Qc8+ Rg8 27. Qc6 Rg6 28. Qc8+ Rg8 1/2-1/2

[Event "ISR-chT 2018"]
[Site "Israel"]
[Date "2018.01.05"]
[Round "1"]
[White "Nakhaenko, Viktor M"]
[Black "Afek, Yochanan"]
[Result "1-0"]
[WhiteElo "2096"]
[BlackElo "2270"]
[PlyCount "65"]
[EventDate "2018.??.??"]
[EventType "team-tourn"]
[EventCountry "ISR"]
[TimeControl "40/5400+30:1800+30"]
[WhiteClock "0:02:39"]
[BlackClock "0:06:56"]

1. d4 {[%emt 0:00:00]} d5 {[%emt 0:01:11]} 2. c4 {[%emt 0:00:00]} dxc4 {[%emt 0:00:03]} 3. e4 {[%emt 0:00:00]} c5 {[%emt 0:00:05]} 4. d5 {[%emt 0:00:08]} e6 {[%emt 0:00:36]} 5. Nc3 {[%emt 0:00:24]} exd5 {[%emt 0:01:01]} 6. Nxd5 {[%emt 0:00:07]} Ne7 {[%emt 0:05:29]} 7. Bg5 {[%emt 0:17:06]} Qa5+ {[%emt 0:11:48]} 8. Bd2 {[%emt 0:00:48]} Qd8 {[%emt 0:00:05]} 9. Bxc4 {[%emt 0:00:13]} Nxd5 {[%emt 0:01:00]} 10. Bxd5 {[%emt 0:00:31]} Be7 {[%emt 0:00:58]} 11. Qa4+ {[%emt 0:07:03]} Nc6 {[%emt 0:05:26]} 12. Bxc6+ {[%emt 0:04:16]} bxc6 {[%emt 0:00:05]} 13. Qxc6+ {[%emt 0:06:23]} Bd7 {[%emt 0:00:05]} 14. Qd5 {[%emt 0:00:09]} O-O {[%emt 0:05:00]} 15. Ne2 {[%emt 0:07:56]} Qc8 {[%emt 0:06:04]} 16. Bc3 {[%emt 0:02:20]} Be6 {[%emt 0:18:15]} 17. Qd3 {[%emt 0:04:36]} Rd8 {[%emt 0:04:32]} 18. Qg3 {[%emt 0:01:02]} f6 {[%emt 0:01:16]} 19. O-O {[%emt 0:04:36]} Bf7 {[%emt 0:06:21]} 20. Nf4 {[%emt 0:07:28]} Qc6 {[%emt 0:04:25]} 21. Rfe1 {[%emt 0:04:30]} Bf8 {[%emt 0:01:55]} 22. Re3 {[%emt 0:05:19]} Rd7 {[%emt 0:05:16]} 23. Rae1 {[%emt 0:04:37]} Bxa2 {[%emt 0:02:11]} 24. Nh5 {[%emt 0:00:42]} Kh8 {[%emt 0:02:40]} 25. e5 {[%emt 0:07:17]} fxe5 {[%emt 0:00:43]} 26. Rxe5 {[%emt 0:00:08]} Rf7 {[%emt 0:03:59]} 27. Rg5 {[%emt 0:03:35]} Qh6 {[%emt 0:02:04]} 28. Re4 {[%emt 0:04:45]} Rd8 {[%emt 0:00:12]} 29. h3 {[%emt 0:00:11]} Rd5 {[%emt 0:00:33]} 30. Rxg7 {[%emt 0:02:53]} Rd1+ {[%emt 0:02:52]} 31. Kh2 {[%emt 0:00:04]} Rxg7 {[%emt 0:00:47]} 32. Re8 {[%emt 0:00:16]} Rd4 {[%emt 0:06:24]} 33. Rxf8+ {[%emt 0:00:11]} 1-0

[Event "ISR-chT 2018"]
[Site "Israel"]
[Date "2018.01.05"]
[Round "1"]
[White "Yakimov, Vladimir"]
[Black "Zifroni, Dov"]
[Result "1/2-1/2"]
[WhiteElo "1751"]
[BlackElo "2440"]
[PlyCount "75"]
[EventDate "2018.??.??"]
[EventType "team-tourn"]
[EventCountry "ISR"]

{[%evp 21,75,-2,0,0,0,-14,-10,0,-8,-10,0,0,-16,-6,-6,-12,-11,-8,13,-8,-5,0,-6,-20,-29,-21,4,0,0,0,0,0,0,-82,-76,-70,-65,-60,-61,-61,-62,-65,-62,-64,-64,-62,-19,-19,-19,-19,-16,-16,-15,-14,0,0]} 1. e4 c5 2. Nc3 Nc6 3. g3 g6 4. Bg2 Bg7 5. d3 d6 6. Be3 Rb8 7. Qd2 b5 8. a3 a5 {B26: Closed Sicilian: 3 g3, lines with early Be3} 9. Nge2 b4 10. axb4 axb4 11. Nd1 Nd4 {LiveBook: 3 Games} (11... Nf6 12. Bh6 O-O 13. Bxg7 Kxg7 14. O-O Bb7 15. f4 Qb6 {½-½ (51) Babujian,L (2458)-Andriasian,Z (2593) Yerevan 2017}) 12. O-O e5 13. Nc1 Ne7 14. f4 exf4 $146 ({Predecessor:} 14... Qc7 15. c3 bxc3 16. bxc3 Ndc6 17. f5 f6 {1-0 (73) Zelkind,E (2211)-Jakobsen,O (2381) Gmunden 2007}) 15. Bxf4 O-O 16. c3 bxc3 17. bxc3 Ne6 18. Bh6 d5 19. Bxg7 Kxg7 20. exd5 Nxd5 21. Ra7 Rb6 22. Nf2 Nf6 23. Qa2 Nc7 {Threatening ...Ba6.} 24. Qa5 Qd6 25. c4 Ne6 26. Ne2 Rb2 $36 {[%mdl 2048] White is under pressure.} 27. Qc3 (27. Nc3 $1 $11 {keeps the balance.}) 27... Rxe2 $17 28. Ne4 Qd4+ 29. Qxd4 cxd4 30. Nxf6 Nc5 31. Ra3 Bf5 32. Nh5+ Kh6 33. Nf4 Rd2 {[%cal Rc5d3]} 34. Rf2 {The position is equal.} Rxf2 35. Kxf2 g5 36. Bh3 Bxh3 37. Nxh3 Rb8 38. Ng1 {Precision: White = 62%, Black = 77%.} 1/2-1/2

[Event "ISR-chT 2018"]
[Site "Israel"]
[Date "2018.01.05"]
[Round "1"]
[White "Johansen, Dan T"]
[Black "Mindlin, Alon"]
[Result "*"]
[WhiteElo "1286"]
[BlackElo "2459"]
[PlyCount "32"]
[EventDate "2018.??.??"]
[EventType "team-tourn"]
[EventCountry "ISR"]

{[%evp 16,17,20,16]} 1. d4 d5 2. c4 e6 3. Nf3 Nf6 4. g3 Be7 5. Bg2 O-O 6. O-O dxc4 7. Qc2 a6 8. a4 Bd7 9. Bg5 {LiveBook: 38 Games. E05: Open Catalan: 5 Nf3 Be7} {Predecessor:} Bc6 $146 10. Rd1 a5 11. Na3 Na6 12. Nxc4 Nb4 13. Qc1 h6 14. Bxf6 Bxf6 15. Nfe5 Bd5 16. Qc3 b6 {½-½ (36) Dubov,D (2666)-Aronian,L (2799) Tbilisi 2017} *

[Event "ISR-chT 2018"]
[Site "Israel"]
[Date "2018.01.19"]
[Round "3"]
[White "Rodshtein, Maxim"]
[Black "Reshef, Omer"]
[Result "1/2-1/2"]
[WhiteElo "2693"]
[BlackElo "2467"]
[Annotator "TA"]
[PlyCount "142"]
[EventDate "2018.??.??"]
[EventType "team-tourn"]
[EventCountry "ISR"]
[SourceTitle "playchess.com"]
[Source "ChessBase"]
[SourceQuality "1"]

{[%evp 20,142,20,16,43,34,40,25,29,26,26,26,54,52,44,33,53,60,52,51,66,52,101,102,93,95,117,85,111,94,103,87,87,87,93,95,87,85,119,119,146,100,95,79,79,79,79,79,79,79,87,87,87,87,87,87,84,75,87,87,87,87,87,47,96,90,97,97,97,97,97,97,97,97,97,97,97,97,97,97,97,97,97,72,87,87,87,87,87,87,87,87,87,87,120,78,120,87,120,120,120,112,120,120,120,0,120,0,0,0,0,0,0,0,0,0,0,0,0,0,0,0,0,0,0]} 1. d4 d5 2. c4 c6 3. Nf3 Nf6 4. e3 Bf5 5. Nc3 e6 6. Nh4 Be4 7. f3 Bg6 8. Qb3 Qc7 9. Bd2 {D12: Slav Defence: 3 Nf3 Nf6 4 e3 Bf5} Be7 10. g3 O-O (10... Nbd7 11. cxd5 exd5 12. O-O-O a5 13. Nxg6 hxg6 14. Qc2 a4 15. e4 a3 16. e5 axb2+ {0-1 (59) Le,Q (2737)-Mamedov,R (2709) Huaian 2017}) 11. Rc1 {LiveBook: 13 Games} Qb6 12. Kf2 (12. Nxg6 {feels hotter.} hxg6 13. h4 Nbd7 14. Qxb6 axb6 15. a4) 12... Nbd7 13. Nxg6 hxg6 14. cxd5 $146 ({Predecessor:} 14. Kg2 Rad8 15. Be1 dxc4 16. Bxc4 e5 {1-0 (59) Greet,A (2447)-Petr,M (2486) Dundee 2017}) 14... Qxb3 15. axb3 {And now dxe6 would win.} cxd5 16. Na4 Rfc8 17. Bd3 Ne8 18. b4 {[%cal Bb3b4,Bb4b5][%mdl 32]} Nd6 19. Nc5 Nf6 20. b3 b6 21. Na6 Nfe8 22. b5 f5 23. h3 Kf7 24. g4 Bf6 25. Ke2 Rxc1 26. Rxc1 Rc8 27. Rxc8 Nxc8 28. Nb8 Be7 29. Nc6 Bd6 30. Be1 Kf6 31. Bh4+ g5 32. Be1 g6 33. Kf2 Kf7 34. Kg2 Nf6 35. Ne5+ Bxe5 36. dxe5 $16 {[%mdl 4096] Endgame KBB-KNN} Nd7 {[#]} 37. Bc3 $1 Ne7 38. Kg3 Kg7 39. Bc2 Kf7 40. Kf2 Ng8 41. Ke2 Ne7 42. Kd3 Kg7 43. b4 Ng8 44. Bb3 Kf7 45. Kd4 Ne7 46. Bd2 Nf8 47. Be1 Nh7 48. Kd3 Nf8 49. Ke2 Nd7 50. Bc3 Nf8 51. Kf2 Nd7 52. Kg3 Nf8 53. Bc2 Nh7 54. Be1 Nf8 55. f4 gxf4+ 56. exf4 Nd7 57. Bc3 Nf8 58. Kf3 Nh7 59. Bd2 Kg7 60. Ke3 Kf7 61. Be1 Ke8 62. Bh4 (62. Bg3 $16) 62... Kf7 (62... fxg4 $1 $11 63. hxg4 g5) 63. Bd3 (63. Kd4 $16) 63... fxg4 $1 $11 {The position is equal.} 64. hxg4 {[#] Bxe7 is the strong threat.} g5 $1 {[%cal Rg5h4]} 65. Bxg5 (65. fxg5 {is interesting.} Ng6 66. Be1 Nxg5 67. Bc3 Kg7 68. Bc2) 65... Nxg5 66. fxg5 {KB-KN} Ng6 67. Kd4 Nh4 {next ...Nf3+ is good for Black.} 68. Ke3 Ng2+ 69. Kd4 Nh4 70. Ke3 Ng2+ 71. Kd4 Nh4 {Precision: White = 64%, Black = 62%.} 1/2-1/2

[Event "ISR-chT 2018"]
[Site "Israel"]
[Date "2018.01.19"]
[Round "3"]
[White "Kravtsiv, Martyn"]
[Black "Shachar, Ehud"]
[Result "1-0"]
[WhiteElo "2679"]
[BlackElo "2401"]
[Annotator "TA"]
[PlyCount "78"]
[EventDate "2018.??.??"]
[EventType "team-tourn"]
[EventCountry "ISR"]
[SourceTitle "playchess.com"]
[Source "ChessBase"]
[SourceQuality "1"]

{[%evp 14,78,41,13,13,12,8,15,32,22,45,43,75,33,94,81,74,79,97,52,50,38,102,104,104,106,107,97,101,70,81,66,85,27,106,100,118,117,97,114,97,105,89,0,0,0,0,0,0,0,0,0,0,0,0,0,0,0,28,20,205,214,342,351,365,241,454]} 1. e4 e6 2. d4 d5 3. Nd2 Nc6 4. Ngf3 {[%cal Bg1f3,Bf3g5,Bg5h3,Bh3f4][%mdl 32]} Nf6 5. e5 Nd7 6. a4 a5 7. Nb3 b6 8. Ng5 {LiveBook: 5 Games. C04: French Tarrasch: 3...Nc6} h6 9. Nh3 g6 $146 ({Predecessor:} 9... Be7 10. Nf4 Bg5 11. h4 Bxf4 12. Bxf4 Ne7 13. Qg4 Nf5 14. Bd3 O-O 15. Nd2 f6 16. Bxf5 exf5 {½-½ (25) Ni,H (2692)-Zhang,P (2616) Jinzhou 2009}) 10. Nf4 {The position is equal.} Bg7 11. h4 h5 12. c3 Qe7 13. Bd3 {aiming for Nxg6!} Nf8 (13... Ndxe5 $14 14. Bb5 (14. dxe5 Nxe5 15. Be2 c5 $16) 14... O-O) 14. Be3 Bb7 15. Qe2 O-O-O 16. O-O-O Kb8 17. Nd2 f6 (17... Na7 $14) 18. exf6 $16 (18. Nxg6 $6 Nxg6 19. Bxg6 fxe5 $11) 18... Bxf6 {[#]} 19. Nf3 $1 (19. Nxg6 Nxg6 20. Bxg6 e5 $11) ({Stronger than} 19. Bxg6 e5 $17) 19... e5 20. dxe5 ({But not} 20. Nxg6 $6 Nxg6 21. Bxg6 exd4 $11) 20... Nxe5 21. Bd4 Nxd3+ 22. Qxd3 Bxd4 23. Qxd4 ({White should play} 23. Rhe1 $16 Qf7 24. Qxd4) 23... Rg8 (23... Nd7 $1 $11 {keeps the balance.}) 24. Rhe1 Qd7 25. g3 Ka7 26. Ng5 Nh7 27. Nxh7 Qxh7 28. Re5 ({White should try} 28. Qf6 $16) 28... c5 $11 29. Qd2 {[%cal Rf4d5]} d4 {White must now prevent ...dxc3.} 30. c4 Qf7 31. b3 Rge8 32. Rde1 Rxe5 33. Rxe5 Re8 34. Qe1 Rxe5 35. Qxe5 Bc8 36. Qd6 Qe8 $2 {[#]} (36... Bf5 $11 37. Nd5 Qb7) 37. Kd2 $1 $18 d3 (37... Bg4 $142 38. Qxg6 Qxg6 39. Nxg6 Kb7) 38. Qxg6 ({Less strong is} 38. Nxd3 Qe4 $16) 38... Qe5 {And now ...Qb2+ would win.} 39. Qxd3 Bf5 $2 {Precision: White = 61%, Black = 31%.} (39... Qb2+ {keeps fighting.} 40. Ke1 Qc1+ 41. Qd1 Qc3+ 42. Kf1 Bg4) 1-0

[Event "ISR-chT 2018"]
[Site "Israel"]
[Date "2018.01.19"]
[Round "3"]
[White "Nabaty, Tamir"]
[Black "Alterman, Boris"]
[Result "1-0"]
[WhiteElo "2658"]
[BlackElo "2603"]
[Annotator "TA"]
[PlyCount "60"]
[EventDate "2018.??.??"]
[EventType "team-tourn"]
[EventCountry "ISR"]
[SourceTitle "playchess.com"]
[Source "ChessBase"]
[SourceQuality "1"]

{[%evp 25,60,66,66,67,67,75,116,110,104,104,104,101,101,101,130,104,151,150,258,273,339,342,333,319,416,404,395,385,472,457,595,576,714,732,798,764,1022]} 1. d4 d5 2. c4 Bf5 3. Nf3 Nf6 4. Bf4 e6 5. e3 Nbd7 6. Nc3 c6 7. Qb3 Qb6 8. c5 Qxb3 9. axb3 a6 {D02: 1 d4 d5 2 Nf3 sidelines, including 2...Nf6 3 g3 and 2...Nf6 3 Bf4} 10. b4 Rc8 11. h3 Be7 12. Nd2 O-O 13. Nb3 Bd8 {LiveBook: 7 Games} 14. Bd6 Re8 {[#]} 15. g4 $146 ({Predecessor:} 15. Na5 Bxa5 16. bxa5 e5 17. Kd2 {1-0 (59) Bortnyk,O (2552)-Nguyen,T (2396) Boeblingen 2015}) 15... Bc2 {[#]} 16. Na5 $1 Bxa5 17. bxa5 e5 {[#] Hoping for ...exd4.} 18. Kd2 $1 {[%cal Rd2c2]} Be4 19. Rg1 exd4 20. exd4 Nf8 21. Ra4 Ne6 (21... Rcd8 $16) 22. g5 $18 Nh5 23. Nxe4 dxe4 24. Rb4 Rcd8 25. Rxb7 Nxd4 {With the idea ...Nf3+.} 26. Rg4 Nf5 27. Bxa6 {White is clearly winning.} Re6 28. Kc3 e3 29. fxe3 Rxe3+ 30. Bd3 Nhg3 {Precision: White = 100%, Black = 33%.} 1-0

[Event "ISR-chT 2018"]
[Site "Israel"]
[Date "2018.01.19"]
[Round "3"]
[White "Roiz, Michael"]
[Black "Tifferet, Shaked"]
[Result "1-0"]
[WhiteElo "2614"]
[BlackElo "2294"]
[Annotator "TA"]
[PlyCount "127"]
[EventDate "2018.??.??"]
[EventType "team-tourn"]
[EventCountry "ISR"]
[SourceTitle "playchess.com"]
[Source "ChessBase"]
[SourceQuality "1"]

{[%evp 21,127,31,39,37,45,25,43,47,62,10,46,49,49,47,49,54,47,46,48,45,53,44,87,73,73,74,76,79,63,0,58,47,68,60,59,58,94,87,110,110,208,202,187,175,191,149,148,188,176,184,185,143,154,109,106,101,121,110,199,77,91,54,116,0,24,9,39,38,228,209,199,209,307,293,302,295,273,276,256,264,285,277,439,427,439,434,418,403,512,495,467,332,516,501,750,743,568,965,935,917,2001,2054,29979,29980,29978,29980,29990,29991]} 1. Nf3 Nf6 2. c4 b6 3. d4 e6 4. g3 Bb7 5. Bg2 Bb4+ 6. Bd2 Bxd2+ 7. Qxd2 O-O 8. O-O d6 9. Qd3 {E16: Queen's Indian: 4 g3 Bb7 5 Bg2 Bb4+} (9. Rd1 Nbd7 10. Qc2 Qe7 11. Nc3 c5 12. d5 exd5 13. Nh4 g6 14. Nxd5 Nxd5 15. Bxd5 Bxd5 16. Rxd5 Nf6 {½-½ (32) Santos Latasa,J (2565)-Iturrizaga Bonelli,E (2671) Dubai 2017}) 9... Be4 10. Qe3 Nbd7 11. Nc3 Bb7 {LiveBook: 4 Games} 12. Rfd1 a6 13. Qd3 Qe7 14. Rac1 $146 ({Predecessor:} 14. e4 Rfd8 15. Qe2 Rab8 16. e5 dxe5 17. Nxe5 Bxg2 18. Kxg2 Nxe5 19. dxe5 {1-0 (38) Guo,Q (2396)-Tan,Z (2517) Riadh 2017}) 14... Rfb8 15. b4 (15. e4 $14) 15... a5 (15... b5 $5) 16. b5 e5 17. Qc2 exd4 18. Nxd4 Bxg2 19. Kxg2 Re8 20. e4 Nc5 {[%cal Rf6e4]} ({Avoid the trap} 20... Nxe4 $2 21. Re1 $18) 21. f3 g6 22. Qd2 Qf8 23. Re1 Ne6 24. Nc6 Nd8 25. Nd4 Ne6 26. Nc2 Nc5 27. Re2 Rac8 28. Rce1 Rcd8 29. Nd4 Ne6 30. Nc6 Rc8 (30... Rd7 $16) 31. Nd5 $18 Nd7 32. f4 {[%cal Bf3f4,Bf4e5][%mdl 32]} Kh8 33. Rf1 Nec5 34. e5 dxe5 35. fxe5 Qg7 36. Nde7 Ra8 37. Qd5 Rf8 38. Ref2 {[%cal Rf2f7]} f5 39. exf6 $1 Rxf6 (39... Nxf6 $16 40. Qd4 Nfd7) 40. Rxf6 (40. Ne5 $18 {is the precise move to win.} Raf8 41. Nxd7 Rxf2+ 42. Rxf2 Rxf2+ 43. Kxf2 Qxe7 44. Nxc5 bxc5 45. Kf3) 40... Nxf6 $16 41. Qe5 $36 {[%mdl 2048] White has the initiative.} Nfe4 (41... Ng4 $14 42. Qg5 Nh6) 42. Qxg7+ ({White should play} 42. Qxc7 $16 {Black must now prevent Nb8.} Qb2+ 43. Kh1) 42... Kxg7 $11 43. Nd5 Nd6 44. Nxc7 Rc8 $2 {[#]} (44... Rf8 $1 $14) 45. Nd5 $18 Na4 46. Re1 Rf8 (46... Re8 $142 47. Rxe8 Nxe8) 47. Nxb6 Nxb6 48. c5 Ndc8 49. cxb6 Nxb6 {[%mdl 4096] Endgame KRN-KRN} 50. Re7+ Kh6 51. h4 {[%cal Bh2h4,Bh4g5][%mdl 32]} ({Less strong is} 51. Nxa5 Ra8 $16) 51... Nc4 (51... Nd5 $142) 52. g4 g5 53. Re6+ Kg7 54. hxg5 Rf4 55. Kg3 Rf1 56. Re7+ Kg8 (56... Rf7 {is a better defense.} 57. Re6 Rd7) 57. Rc7 Nd6 58. b6 Rb1 59. Ne7+ Kf8 60. Nd5 Rb5 61. Nf6 a4 62. Nxh7+ {White mates.} Ke8 63. Nf6+ Kf8 64. g6 {Precision: White = 69%, Black = 38%.} 1-0

[Event "ISR-chT 2018"]
[Site "Israel"]
[Date "2018.01.19"]
[Round "3"]
[White "Smirin, Ilia"]
[Black "Slonimskij, Arkadij"]
[Result "1-0"]
[WhiteElo "2613"]
[BlackElo "2128"]
[Annotator "TA"]
[PlyCount "45"]
[EventDate "2018.??.??"]
[EventType "team-tourn"]
[EventCountry "ISR"]
[SourceTitle "playchess.com"]
[Source "ChessBase"]
[SourceQuality "1"]

{[%evp 18,45,56,40,120,83,227,231,243,229,218,248,246,238,234,212,339,337,330,327,488,489,535,528,524,515,830,821,802,789]} 1. e4 e6 2. d4 d5 3. Nd2 dxe4 4. Nxe4 Qd5 5. Nc3 Bb4 6. Nf3 Nf6 7. Bd3 Ne4 8. O-O {C10: French with 3 Nc3: Unusual Black 3rd moves and 3...dxe4} (8. Bd2 Bxc3 9. bxc3 Nxd2 10. Qxd2 c5 11. O-O Nd7 12. Rfe1 Qd6 13. Re3 Nf6 14. Ne5 Bd7 15. Rae1 Qe7 {1-0 (25) Andriasian,Z (2533)-Marszalek,M (2355) Warsaw 2008}) 8... Nxc3 9. bxc3 Bxc3 10. Rb1 {LiveBook: 4 Games. And now Rb3 would win.White is slightly better.} Nd7 $146 (10... Nc6 $14) ({Predecessor:} 10... Nc6 11. Be3 Qxa2 12. Be4 Qa5 13. Rb3 Bb4 14. Qb1 Bd6 15. c4 Nd8 {1-0 (33) Marcotulli,G (2412)-Bascetta,B (2327) SEMI email 2002}) 11. Ba3 {[%mdl 1024] Rb3 is the strong threat. White has strong compensation.} c6 {[#]} (11... a5 $16) 12. Rb3 $1 $18 {[%cal Rb3c3]} Ba5 13. c4 Qh5 14. Bd6 Bd8 15. Be2 Qh6 16. Ne5 g6 (16... Be7 $142) 17. Ng4 Qg7 {[#]} 18. d5 $1 cxd5 (18... Be7 $142 19. dxc6 bxc6) 19. cxd5 {White is clearly winning.} Be7 20. dxe6 fxe6 21. Bb5 {Threatens to win with Be5.} Bxd6 (21... O-O $142 22. Bxd7 Bxd6 23. Qxd6 Bxd7 24. Rxb7 Rf7) 22. Qxd6 Qe7 23. Qd4 {Precision: White = 100%, Black = 39%.} 1-0

[Event "ISR-chT 2018"]
[Site "Israel"]
[Date "2018.01.19"]
[Round "3"]
[White "Baklan, Vladimir"]
[Black "Bakalchuk, Johnatan"]
[Result "1-0"]
[WhiteElo "2598"]
[BlackElo "2400"]
[Annotator "TA"]
[PlyCount "75"]
[EventDate "2018.??.??"]
[EventType "team-tourn"]
[EventCountry "ISR"]
[SourceTitle "playchess.com"]
[Source "ChessBase"]
[SourceQuality "1"]

{[%evp 9,75,8,12,19,2,10,7,0,27,29,49,47,65,58,60,68,72,63,56,67,63,34,50,29,24,15,39,41,79,43,65,62,63,63,63,75,72,44,69,56,148,148,152,160,160,168,174,174,179,166,183,193,176,160,247,256,877,346,774,744,731,750,709,688,1268,1584,29989,29988]} 1. e4 c5 2. Nf3 g6 3. Bc4 Bg7 4. c3 e6 5. O-O (5. d4 cxd4 6. cxd4 d5 7. exd5 exd5 8. Bb3 Ne7 9. h3 Nbc6 10. O-O O-O 11. Nc3 h6 12. Bf4 Bf5 {0-1 (43) Safarli,E (2649)-Iturrizaga Bonelli,E (2653) Dubai 2014}) 5... Ne7 6. d4 {B27: Sicilian: 2 Nf3, unusual Black 2nd moves} cxd4 7. Nxd4 O-O 8. Bg5 {The position is equal.} a6 9. Bb3 d6 $146 ({Predecessor:} 9... h6 10. Bh4 g5 11. Bg3 Ng6 12. Nd2 Nc6 {1-0 (40) Plat,V (2470)-Kislinsky,A (2504) Brno 2013}) 10. Qd2 Qc7 11. Rd1 Rd8 12. Qf4 Nbc6 13. Qh4 Re8 14. Nd2 Na5 15. N4f3 b5 16. Nf1 Nxb3 17. axb3 Bb7 18. Ne3 f5 19. Bf6 $36 {[%mdl 2048] White is more active.} Nc8 20. exf5 gxf5 21. Bxg7 Qxg7 22. Ng5 {[%cal Bf3g5,Bg5h3,Bh3f4][%mdl 32]} Qg6 23. f4 h6 24. Nh3 e5 {[#]} (24... a5 $14) 25. Rd2 $1 $16 Bc6 26. Rf1 Ra7 27. fxe5 Rxe5 28. Nf4 Qg5 {[#]} 29. Qf2 $1 Rg7 30. Ned5 Kh8 31. c4 {[%cal Bc3c4,Bc4d5][%mdl 32]} Qd8 (31... Bxd5 $16 {was called for.} 32. Rxd5 (32. cxd5 Rg8 $16) (32. Nxd5 Ne7 $16) 32... Qe7) 32. Re1 $18 Qe8 $2 (32... Rxe1+ 33. Qxe1 Bxd5) 33. Rde2 $2 (33. Rxe5 dxe5 34. Nf6) 33... Rxe2 $2 (33... Bxd5 34. cxd5 (34. Nxd5 Qe6 $18) 34... Rg4) 34. Rxe2 ({Not} 34. Qxe2 Qxe2 35. Rxe2 bxc4 $16) 34... Qf7 35. Qh4 Bxd5 36. cxd5 Kh7 37. Re6 Qa7+ 38. Kh1 {Precision: White = 75%, Black = 37%.} 1-0